İdeallerin peşinde bir ömür/ (Record no. 13730)

MARC details
000 -BAŞLIK
Sabit Uzunlukta Kontrol Alanı 00768nam a2200229 4500
999 ## - SİSTEM KONTROL NUMARALARI (KOHA)
Koha Biblionumber 13730
Koha Biblioitemnumber 13730
003 - KONTROL NUMARASI IDENTIFIER
Denetim Alanı MIRAKIL
005 - SON İŞLEM TARİHİ VE ZAMANI
Denetim Alanı 20200122152202.0
008 - SABİT-BOY VERİ ELEMANLARI - GENEL BİLGİLER
Sabit Uzunlukta Kontrol Alanı 200122b tu ||||| |||| 00| 0 tur d
020 ## - ULUSLARARASI STANDART KİTAP NUMARASI
Uluslararası Standart Kitap Numarası 9786055847258
040 ## - KATALOGLAMA KAYNAK
Orijinal Kataloglama Ajansı TR-AnCHP
Metne Dönüştürmek Ajansı TR-AnCHP
041 ## - DİL KODU
Metin / Ses Parça Veya Ayrı Başlığın Dil Kodu tur
082 ## - DEWEY ONLU SINIFLANDIRMA NUMARASI
Sınıflandırma Numarası 923.2
Ürün Numarası B29i 2019
100 ## - ANA GİRİŞ - KİŞİSEL İSİM
Kişisel Ad Bayrak, Murat
245 10 - BAŞLIK TABLOSU
Başlık İdeallerin peşinde bir ömür/
Sorumluluk Tablosu, Vb Murat Bayrak; yayına hazırlayan Mehmet Altun.
260 ## - YAYIN, DAĞITIM, VB
Yayın, Dağıtım, Vb Yeri İstanbul:
Yayıncı, Dağıtıcı, Vs Adı Kurumsal Yayınlar,
Yayın, Dağıtım, Vb Tarihi 2019.
300 ## - FİZİKSEL TANIM
Kapsam 243 s.:
Diğer Fiziksel Ayrıntıları fotg.,
Boyutlar 29 sm.
600 #0 - KONU KATMA GİRİŞ - KURUMSAL ADI
9 (RLIN) 6230
Kişisel Ad Bayrak, Murat
Başlıklar Ve Bir Adla İlişkili Diğer Kelimeler Siyasetçi - İşadamı
Bir Adıyla İlişkilendirilen Tarihler 1917-2015
Genel Alt Bölümü Yaşamöyküsü
650 #0 - KONU KATMA GİRİŞ - TOPİKAL DÖNEM
9 (RLIN) 5055
Topikal Süreli Veya Coğrafi Ad Giriş Elemanı Siyasetçiler
Genel Alt Bölümü Türkiye
650 #0 - KONU KATMA GİRİŞ - TOPİKAL DÖNEM
9 (RLIN) 6231
Topikal Süreli Veya Coğrafi Ad Giriş Elemanı İşadamları
Genel Alt Bölümü Yaşamöyküsü
Coğrafi Alt Bölümü Türkiye
700 1# - KATMA GİRİŞ - KİŞİSEL İSİM
9 (RLIN) 1339
Kişisel Ad Altun, Mehmet
Relator Terim yay. haz.
942 ## - EKLENDİ GİRİŞ ELEMANLARI (KOHA)
Sınıflandırma Veya Raf Düzeni Kaynak Dewey Decimal Classification
Koha Öğesi Türü Books
Holdings
Kalıcı Konum Mevcut Konum Edinme Tarihi Toplam Check-Out'Lar Tam Çağrı Numarası Barkod Tarih Son Görülme İtibaren Geçerli Fiyatlar Koha Öğesi Türü
CHP Kütüphanesi CHP Kütüphanesi 01/22/2020   923.2 B29i 2019 013510 01/22/2020 01/22/2020 Books